00554nam a2200181Ia 450000500170000000800410001704000190005804100120007708200160008924500430010526001130014830000120026163000180027365000420029165100140033370000150034785000100036220240803114335.0131103s9999 xx 000 0 und d aLoreto College aEnglish a912.54bNAT aNational school atlascedited by P.Nag aKolkatabNational Atlas & Thematic Mapping Organisation,Dept. of Science and Technology,Govt. of Indiac1999 aviii,96 aIndia - Atlas aIndia. Dept of Science and Technology aGeography aNag,P.,ed. aLCLIB